Loading...
| Science - Other Science | 0 | 4 | 1 | 0 | 35 | 51 | 82.00 | 1 | 1 |
| Fine Arts - Other Fine Arts | 0 | 3 | 0 | 0 | 30 | 66 | 109.33 | 0 | 1 |
| Social Science | 0 | 2 | 0 | 0 | 20 | 74 | 101.00 | 0 | 0 |
| History - European History | 0 | 2 | 0 | 0 | 20 | 77 | 103.00 | 1 | 1 |
| Other Academic | 0 | 2 | 0 | 0 | 20 | 85 | 85.00 | 0 | 0 |
| History - American History | 0 | 2 | 1 | 2 | 15 | 134 | 139.00 | 0 | 0 |
| Literature - British Literature | 0 | 1 | 0 | 1 | 10 | 150 | 150.00 | 0 | 0 |
| History - Other History | 0 | 1 | 0 | 1 | 10 | 136 | 136.00 | 0 | 0 |
| History - World History | 0 | 1 | 0 | 0 | 10 | 133 | 133.00 | 0 | 0 |
| Literature - European Literature | 0 | 1 | 0 | 0 | 10 | 143 | 143.00 | 0 | 0 |
| Literature - World Literature | 0 | 1 | 0 | 0 | 10 | 123 | 123.00 | 0 | 0 |
| Religion | 0 | 1 | 0 | 1 | 10 | 145 | 145.00 | 0 | 0 |
| Fine Arts - Classical Music | 0 | 0 | 1 | 0 | -5 | 0.00 | 0 | 0 |